000 01338nam a2200241Ii 4500
003 JO-AjNU
005 20240624111057.0
008 230605s9999||||xx |||||||||||||| ||und||
040 _aJO-AjNU
_bara
_erda
_cJO-AjNU
041 _aara
050 1 4 _aBP173.751 2019
100 1 _aعبد الباري، انس عدنان
_eمعد
_965532
245 0 0 _aالعوامل المؤثرة في تسعير خدمة الاعتماد المستندي في المصارف الاسلامية( دراسة ميدانية) =(A Field Study) Factors Affecting the Pricing of Documentary letter of Credit Service in Jordanian Islamic Banks
_cإعداد انس عدنان عبد الباري ؛ إشراف محمد عبد الكريم المومني
260 _c2019
300 _a101ورقة
336 _atext
_btxt
_2rdacontent
337 _aunmediated
_bn
_2rdamedia
338 _avolume
_bnc
_2rdacarrier
500 _aرساله جامعيه (ماجستير في المصارف الاسلامية) - جامعة عجلون الوطنيه (عجلون ، الاردن) ، كلية ادارة الاعمال تخصص المصارف الاسلامية، 2019
650 4 _aخدمة المستندي - المصارف الاسلامية - الاردن
_958758
700 1 _aالمومني، محمد عبدالكريم
_965206
_eمشرف
942 _2lcc
_cTHS
999 _c29972
_d29972